[Event "2020 Australian Chess Championship"]
[Site "Sydney, Australia"]
[Date "2020.01.10"]
[Round "8.1"]
[White "Bjelobrk, Igor"]
[Black "Kuybokarov, Temur"]
[Result "0-1"]
[WhiteElo "2403"]
[BlackElo "2523"]

1. d4 {[%clk 01:27:49]} {[%emt 00:03:10]} Nf6 {[%clk 01:30:14]} {[%emt
00:00:45]} 2. c4 {[%clk 01:28:13]} {[%emt 00:00:07]} g6 {[%clk 01:30:33]}
{[%emt 00:00:11]} 3. Nc3 {[%clk 01:28:33]} {[%emt 00:00:11]} d5 {[%clk
01:30:44]} {[%emt 00:00:18]} 4. Nf3 {[%clk 01:28:49]} {[%emt 00:00:14]} Bg7
{[%clk 01:30:59]} {[%emt 00:00:13]} 5. h4 {[%clk 01:29:01]} {[%emt 00:00:21]}
dxc4 {[%clk 01:29:57]} {[%emt 00:01:31]} 6. e4 {[%clk 01:27:39]} {[%emt
00:01:52]} c5 {[%clk 01:30:06]} {[%emt 00:00:20]} 7. d5 {[%clk 01:27:55]}
{[%emt 00:00:14]} b5 {[%clk 01:29:43]} {[%emt 00:00:53]} 8. h5 {[%clk
01:28:00]} {[%emt 00:00:25]} Nxh5 {[%clk 01:29:22]} {[%emt 00:00:49]} 9. Nxb5
{[%clk 01:28:00]} {[%emt 00:00:31]} Qa5+ {[%clk 01:29:10]} {[%emt 00:00:42]} 10.
Nc3 {[%clk 01:28:10]} {[%emt 00:00:21]} Nd7 {[%clk 01:28:48]} {[%emt 00:00:51]}
11. Bd2 {[%clk 01:22:06]} {[%emt 00:06:35]} Rb8 {[%clk 01:29:02]} {[%emt
00:00:16]} 12. Qc2 {[%clk 01:09:52]} {[%emt 00:12:44]} Qa6 {[%clk 01:27:54]}
{[%emt 00:01:38]} 13. Be2 {[%clk 01:02:03]} {[%emt 00:08:19]} Qd6 {[%clk
01:25:40]} {[%emt 00:02:40]} 14. Bxc4 {[%clk 00:59:19]} {[%emt 00:03:17]} Ne5
{[%clk 01:10:35]} {[%emt 00:15:34]} 15. Nxe5 {[%clk 00:58:05]} {[%emt
00:01:45]} Bxe5 {[%clk 01:10:41]} {[%emt 00:00:23]} 16. Bb5+ {[%clk 00:30:52]}
{[%emt 00:27:44]} Bd7 {[%clk 01:06:06]} {[%emt 00:05:05]} 17. Bxd7+ {[%clk
00:31:10]} {[%emt 00:00:12]} Qxd7 {[%clk 01:06:26]} {[%emt 00:00:11]} 18. Rb1
{[%clk 00:30:24]} {[%emt 00:01:16]} O-O {[%clk 01:03:00]} {[%emt 00:03:55]} 19.
Rh3 {[%clk 00:24:29]} {[%emt 00:06:25]} f5 {[%clk 00:57:18]} {[%emt 00:06:12]}
20. Rf3 {[%clk 00:18:23]} {[%emt 00:06:36]} Bd4 {[%clk 00:40:50]} {[%emt
00:16:58]} 21. exf5 {[%clk 00:14:54]} {[%emt 00:04:01]} Rxf5 {[%clk 00:39:33]}
{[%emt 00:01:47]} 22. Rxf5 {[%clk 00:14:52]} {[%emt 00:00:32]} gxf5 {[%clk
00:39:41]} {[%emt 00:00:21]} 23. Kf1 {[%clk 00:14:18]} {[%emt 00:01:04]} Nf6
{[%clk 00:37:30]} {[%emt 00:02:41]} 24. Re1 {[%clk 00:14:06]} {[%emt 00:00:43]}
Nxd5 {[%clk 00:35:03]} {[%emt 00:02:57]} 25. Nxd5 {[%clk 00:08:41]} {[%emt
00:05:55]} Qxd5 {[%clk 00:33:53]} {[%emt 00:01:39]} 26. Rxe7 {[%clk 00:08:38]}
{[%emt 00:00:33]} Bf6 {[%clk 00:33:40]} {[%emt 00:00:42]} 27. Rxa7 {[%clk
00:06:03]} {[%emt 00:03:07]} Rxb2 {[%clk 00:31:47]} {[%emt 00:02:23]} 28. Qa4
{[%clk 00:06:27]} {[%emt 00:00:06]} Rb1+ {[%clk 00:29:39]} {[%emt 00:02:37]} 29.
Ke2 {[%clk 00:06:45]} {[%emt 00:00:13]} Qe6+ {[%clk 00:28:29]} {[%emt
00:01:40]} 30. Be3 {[%clk 00:02:52]} {[%emt 00:04:23]} Rb4 {[%clk 00:26:09]}
{[%emt 00:02:50]} 31. Qa6 {[%clk 00:02:13]} {[%emt 00:01:10]} Rb6 {[%clk
00:24:02]} {[%emt 00:02:38]} 32. Qd3 {[%clk 00:02:34]} {[%emt 00:00:09]} c4
{[%clk 00:23:17]} {[%emt 00:01:15]} 33. Qd7 {[%clk 00:01:57]} {[%emt 00:01:07]}
Rb2+ {[%clk 00:23:22]} {[%emt 00:00:24]} 34. Kd1 {[%clk 00:02:03]} {[%emt
00:00:24]} Qxd7+ {[%clk 00:23:19]} {[%emt 00:00:34]} 35. Rxd7 {[%clk 00:02:30]}
{[%emt 00:00:03]} Rxa2 {[%clk 00:23:42]} {[%emt 00:00:07]} 36. g3 {[%clk
00:01:58]} {[%emt 00:01:01]} f4 {[%clk 00:19:50]} {[%emt 00:04:22]} 37. gxf4
{[%clk 00:00:59]} {[%emt 00:01:30]} c3 {[%clk 00:18:19]} {[%emt 00:02:00]} 38.
Rc7 {[%clk 00:01:02]} {[%emt 00:00:27]} h5 {[%clk 00:18:22]} {[%emt 00:00:26]}
39. Ke1 {[%clk 00:00:44]} {[%emt 00:00:48]} Ra1+ {[%clk 00:18:15]} {[%emt
00:00:37]} 40. Ke2 {[%clk 00:01:09]} {[%emt 00:00:05]} h4 {[%clk 00:18:36]}
{[%emt 00:00:08]} 41. f5 {[%clk 00:26:17]} {[%emt 00:05:22]} Be5 {[%clk
00:45:06]} {[%emt 00:04:00]} 42. Rc5 {[%clk 00:23:58]} {[%emt 00:02:49]} Bf6
{[%clk 00:42:47]} {[%emt 00:02:48]} 43. Rc7 {[%clk 00:24:09]} {[%emt 00:00:19]}
h3 {[%clk 00:42:38]} {[%emt 00:00:38]} 44. Bf4 {[%emt 00:07:44]} Ra5 {[%emt
00:03:34]} 45. Bg3 {[%clk 00:21:30]} {[%emt 00:00:03]} Rxf5 {[%clk 00:34:39]}
{[%emt 00:01:18]} 46. Kf1 {[%clk 00:21:28]} {[%emt 00:00:31]} Bd4 {[%clk
00:34:59]} {[%emt 00:00:11]} 47. Rc4 {[%clk 00:20:41]} {[%emt 00:01:17]} Bf6
{[%clk 00:22:40]} {[%emt 00:12:48]} 48. Rc7 {[%clk 00:19:59]} {[%emt 00:01:12]}
Rf3 {[%clk 00:21:38]} {[%emt 00:01:32]} 49. Kg1 {[%clk 00:19:15]} {[%emt
00:01:14]} Bd4 {[%clk 00:17:16]} {[%emt 00:04:52]} 50. Kh2 {[%clk 00:18:23]}
{[%emt 00:01:22]} Rd3 {[%clk 00:17:39]} {[%emt 00:00:07]} 51. Bd6 {[%emt
00:11:37]} Bxf2 {[%emt 00:00:23]} 52. Be5 {[%emt 00:01:07]} Be1 {[%emt
00:01:36]} 53. Rg7+ {[%clk 00:08:16]} {[%emt 00:00:13]} Kf8 {[%emt 00:02:54]}
54. Rc7 {[%emt 00:01:16]} Ke8 {[%clk 00:15:12]} {[%emt 00:00:03]} 55. Rc5
{[%emt 00:01:26]} Kd7 {[%emt 00:01:40]} 56. Bf4 {[%emt 00:01:02]} Bd2 {[%emt
00:00:50]} 57. Bg3 {[%clk 00:04:29]} {[%emt 00:00:06]} Be3 {[%clk 00:14:09]}
{[%emt 00:00:13]} 58. Rc4 {[%clk 00:04:18]} {[%emt 00:00:42]} Bg1+ {[%clk
00:13:46]} {[%emt 00:00:53]} 59. Kh1 {[%clk 00:04:16]} {[%emt 00:00:32]} Rxg3
{[%emt 00:01:59]} 60. Rxc3 {[%clk 00:03:05]} {[%emt 00:00:36]} Rxc3 {[%clk
00:13:44]} {[%emt 00:00:07]} 0-1

[Event "2020 Australian Chess Championship"]
[Site "Sydney, Australia"]
[Date "2020.01.10"]
[Round "8.2"]
[White "Wallis, Christopher"]
[Black "Ikeda, Junta"]
[Result "0-1"]
[WhiteElo "2322"]
[BlackElo "2438"]

1. d4 {[%clk 01:30:56]} {[%emt 00:00:03]} f5 {[%clk 01:30:45]} {[%emt
00:00:16]} 2. Bg5 {[%clk 01:31:16]} {[%emt 00:00:09]} h6 {[%clk 01:30:35]}
{[%emt 00:00:40]} 3. Bh4 {[%clk 01:31:38]} {[%emt 00:00:07]} g5 {[%clk
01:30:55]} {[%emt 00:00:11]} 4. e3 {[%clk 01:32:01]} {[%emt 00:00:07]} Nf6
{[%clk 01:31:22]} {[%emt 00:00:04]} 5. Bg3 {[%clk 01:32:24]} {[%emt 00:00:06]}
d6 {[%clk 01:31:12]} {[%emt 00:00:40]} 6. h4 {[%clk 01:32:40]} {[%emt
00:00:13]} g4 {[%clk 01:30:34]} {[%emt 00:01:09]} 7. h5 {[%clk 01:21:37]}
{[%emt 00:11:32]} Be6 {[%clk 01:30:27]} {[%emt 00:00:38]} 8. Bd3 {[%clk
01:17:02]} {[%emt 00:05:04]} Qd7 {[%clk 01:30:21]} {[%emt 00:00:37]} 9. Ne2
{[%clk 01:10:07]} {[%emt 00:07:24]} Bf7 {[%clk 01:23:06]} {[%emt 00:07:45]} 10.
Nf4 {[%clk 01:07:00]} {[%emt 00:03:37]} Bg7 {[%clk 01:22:47]} {[%emt 00:00:50]}
11. Nc3 {[%clk 01:03:49]} {[%emt 00:03:41]} Nc6 {[%clk 01:10:17]} {[%emt
00:13:01]} 12. d5 {[%clk 00:57:34]} {[%emt 00:06:44]} Ne5 {[%clk 01:02:58]}
{[%emt 00:07:49]} 13. Be2 {[%clk 00:50:11]} {[%emt 00:07:52]} c6 {[%clk
00:53:49]} {[%emt 00:09:41]} 14. Bh4 {[%clk 00:41:38]} {[%emt 00:09:02]} Nxh5
{[%clk 00:44:16]} {[%emt 00:10:04]} 15. Nxh5 {[%clk 00:37:26]} {[%emt
00:04:42]} Bxh5 {[%clk 00:44:40]} {[%emt 00:00:06]} 16. dxc6 {[%clk 00:28:42]}
{[%emt 00:09:14]} bxc6 {[%clk 00:44:09]} {[%emt 00:01:01]} 17. Bxe7 {[%clk
00:28:11]} {[%emt 00:01:01]} Qxe7 {[%clk 00:43:47]} {[%emt 00:00:52]} 18. Rxh5
{[%clk 00:28:34]} {[%emt 00:00:06]} O-O {[%clk 00:38:36]} {[%emt 00:05:41]} 19.
Qd2 {[%clk 00:23:51]} {[%emt 00:05:13]} Qf7 {[%clk 00:35:42]} {[%emt 00:03:25]}
20. Rh1 {[%clk 00:23:49]} {[%emt 00:00:31]} Rab8 {[%clk 00:34:28]} {[%emt
00:01:45]} 21. b3 {[%clk 00:22:29]} {[%emt 00:01:50]} Qf6 {[%clk 00:15:34]}
{[%emt 00:19:25]} 22. Rd1 {[%clk 00:18:37]} {[%emt 00:04:20]} d5 {[%clk
00:11:51]} {[%emt 00:04:13]} 23. Na4 {[%clk 00:17:45]} {[%emt 00:01:23]} g3
{[%clk 00:10:29]} {[%emt 00:01:53]} 24. f3 {[%clk 00:14:59]} {[%emt 00:03:15]}
f4 {[%clk 00:09:46]} {[%emt 00:01:13]} 25. exf4 {[%clk 00:13:01]} {[%emt
00:02:28]} Ng6 {[%clk 00:09:51]} {[%emt 00:00:25]} 26. Kf1 {[%clk 00:13:19]}
{[%emt 00:00:11]} Nxf4 {[%clk 00:09:56]} {[%emt 00:00:25]} 27. Ba6 {[%clk
00:10:54]} {[%emt 00:02:55]} Rbe8 {[%clk 00:07:11]} {[%emt 00:03:15]} 28. Nc5
{[%clk 00:08:55]} {[%emt 00:02:29]} Qe7 {[%clk 00:06:04]} {[%emt 00:01:38]} 29.
b4 {[%clk 00:08:11]} {[%emt 00:01:13]} h5 {[%clk 00:06:01]} {[%emt 00:00:33]}
30. Re1 {[%clk 00:04:01]} {[%emt 00:04:39]} Qxe1+ {[%clk 00:05:45]} {[%emt
00:00:47]} 31. Qxe1 {[%clk 00:04:26]} {[%emt 00:00:05]} Rxe1+ {[%clk 00:06:10]}
{[%emt 00:00:04]} 32. Kxe1 {[%clk 00:04:49]} {[%emt 00:00:07]} Nxg2+ {[%clk
00:06:18]} {[%emt 00:00:22]} 33. Kd2 {[%clk 00:04:14]} {[%emt 00:01:05]} Rxf3
{[%clk 00:05:17]} {[%emt 00:01:31]} 34. Nd3 {[%clk 00:03:48]} {[%emt 00:00:56]}
Nf4 {[%clk 00:04:30]} {[%emt 00:01:17]} 35. Nxf4 {[%clk 00:03:16]} {[%emt
00:01:02]} Rxf4 {[%clk 00:04:56]} {[%emt 00:00:04]} 36. Rxh5 {[%clk 00:03:28]}
{[%emt 00:00:18]} Rg4 {[%clk 00:05:15]} {[%emt 00:00:12]} 37. Bc8 {[%clk
00:02:30]} {[%emt 00:01:28]} g2 {[%clk 00:05:18]} {[%emt 00:00:27]} 38. Bxg4
{[%clk 00:02:33]} {[%emt 00:00:27]} g1=Q {[%clk 00:05:42]} {[%emt 00:00:05]} 39.
Be2 {[%clk 00:02:34]} {[%emt 00:00:30]} Bh6+ {[%clk 00:04:57]} {[%emt
00:01:15]} 0-1

[Event "2020 Australian Chess Championship"]
[Site "Sydney, Australia"]
[Date "2020.01.10"]
[Round "8.3"]
[White "Clarke, Brandon G I"]
[Black "McClymont, Brodie"]
[Result "1/2-1/2"]
[WhiteElo "2438"]
[BlackElo "2421"]

1. e4 {[%clk 01:30:57]} {[%emt 20:20:58]} c5 {[%clk 01:30:56]} {[%emt
00:00:05]} 2. Nf3 {[%clk 01:31:21]} {[%emt 00:00:06]} d6 {[%clk 01:31:22]}
{[%emt 00:00:04]} 3. d4 {[%clk 01:31:46]} {[%emt 00:00:05]} cxd4 {[%clk
01:31:47]} {[%emt 00:00:05]} 4. Nxd4 {[%clk 01:32:11]} {[%emt 00:00:05]} Nf6
{[%clk 01:32:10]} {[%emt 00:00:06]} 5. Nc3 {[%clk 01:32:37]} {[%emt 00:00:04]}
a6 {[%clk 01:32:36]} {[%emt 00:00:04]} 6. f3 {[%clk 01:32:59]} {[%emt
00:00:08]} e5 {[%clk 01:31:45]} {[%emt 00:01:21]} 7. Nb3 {[%clk 01:33:26]} Be6
{[%clk 01:32:05]} {[%emt 00:00:13]} 8. Be3 {[%emt 00:00:09]} Be7 {[%clk
01:31:52]} {[%emt 00:00:36]} 9. Qd2 {[%clk 01:34:22]} {[%emt 00:00:03]} O-O
{[%clk 01:30:54]} {[%emt 00:01:29]} 10. O-O-O {[%clk 01:34:48]} {[%emt
00:00:03]} Nbd7 {[%clk 01:31:21]} {[%emt 00:00:03]} 11. g4 {[%clk 01:35:08]}
{[%emt 00:00:09]} b5 {[%clk 01:31:48]} {[%emt 00:00:04]} 12. g5 {[%clk
01:35:33]} {[%emt 00:00:04]} b4 {[%clk 01:31:50]} {[%emt 00:00:28]} 13. Ne2
{[%clk 01:35:47]} {[%emt 00:00:15]} Ne8 {[%clk 01:32:03]} {[%emt 00:00:18]} 14.
f4 {[%clk 01:36:14]} {[%emt 00:00:02]} a5 {[%clk 01:32:30]} {[%emt 00:00:04]}
15. f5 {[%clk 01:36:37]} {[%emt 00:00:07]} a4 {[%clk 01:32:57]} {[%emt
00:00:04]} 16. fxe6 {[%clk 01:36:42]} {[%emt 00:00:25]} axb3 {[%clk 01:33:24]}
{[%emt 00:00:04]} 17. cxb3 {[%emt 00:00:10]} fxe6 {[%clk 01:33:37]} {[%emt
00:00:15]} 18. Bh3 {[%clk 01:37:30]} {[%emt 00:00:03]} Rxa2 {[%clk 01:30:05]}
{[%emt 00:04:03]} 19. Bxe6+ {[%clk 01:37:56]} {[%emt 00:00:04]} Kh8 {[%clk
01:30:32]} {[%emt 00:00:03]} 20. Ng3 {[%clk 01:38:10]} {[%emt 00:00:15]} Qa5
{[%clk 01:02:02]} {[%emt 00:29:01]} 21. Nf5 {[%clk 01:16:02]} {[%emt 00:22:38]}
Nc5 {[%clk 01:00:34]} {[%emt 00:01:58]} 22. Bd5 {[%clk 01:15:45]} {[%emt
00:00:48]} Bd8 {[%emt 00:59:19]} 23. Qc2 {[%clk 00:19:14]} {[%emt 00:22:52]} g6
24. Nh6 {[%clk 00:17:52]} {[%emt 00:16:57]} Bxg5 {[%clk 00:20:39]} 25. Bxg5
{[%clk 00:17:52]} Ra1+ {[%clk 00:20:39]} {[%emt 00:02:08]} 26. Kd2 {[%clk
00:18:16]} Rf2+ {[%clk 00:21:03]} {[%emt 00:00:12]} 27. Ke3 {[%clk 00:13:30]}
Rxc2 28. Nf7+ {[%emt 00:00:05]} Kg8 {[%clk 00:21:55]} 29. Nxd6+ {[%clk
00:12:58]} {[%emt 00:01:01]} Kh8 {[%emt 00:00:47]} 30. Nf7+ {[%emt 00:00:04]}
Kg8 {[%clk 00:22:29]} {[%emt 00:00:08]} 31. Nd6+ {[%clk 00:07:54]} {[%emt
00:05:31]} Kh8 {[%emt 00:03:30]} 32. Nf7+ {[%clk 00:04:56]} Kg8 {[%clk
00:23:09]} {[%emt 00:00:18]} 33. Nd6+ {[%clk 00:04:20]} {[%emt 00:01:06]}
1/2-1/2

[Event "2020 Australian Chess Championship"]
[Site "Sydney, Australia"]
[Date "2020.01.10"]
[Round "8.4"]
[White "Puccini, Jack"]
[Black "Lo, Willis"]
[Result "1-0"]
[WhiteElo "2265"]
[BlackElo "2108"]

1. e4 {[%clk 01:26:31]} {[%emt 00:04:27]} e5 {[%clk 01:27:59]} {[%emt
00:03:02]} 2. Nf3 {[%clk 01:26:57]} {[%emt 00:00:04]} Nc6 {[%clk 01:28:23]}
{[%emt 00:00:06]} 3. d4 {[%clk 01:27:16]} {[%emt 00:00:11]} exd4 {[%clk
01:28:45]} {[%emt 00:00:08]} 4. Nxd4 {[%clk 01:27:42]} {[%emt 00:00:04]} Nf6
{[%clk 01:29:06]} {[%emt 00:00:09]} 5. Nxc6 {[%clk 01:28:08]} {[%emt 00:00:04]}
bxc6 {[%clk 01:29:30]} {[%emt 00:00:06]} 6. e5 {[%clk 01:28:33]} {[%emt
00:00:05]} Qe7 {[%clk 01:29:51]} {[%emt 00:00:08]} 7. Qe2 {[%clk 01:28:59]}
{[%emt 00:00:04]} Nd5 {[%clk 01:30:14]} {[%emt 00:00:08]} 8. g3 {[%clk
01:29:24]} {[%emt 00:00:05]} g6 {[%clk 01:29:51]} {[%emt 00:00:52]} 9. c4
{[%clk 01:29:48]} {[%emt 00:00:06]} Ba6 {[%clk 01:30:06]} {[%emt 00:00:14]} 10.
b3 {[%clk 01:29:50]} {[%emt 00:00:29]} Bg7 {[%clk 01:30:19]} {[%emt 00:00:16]}
11. Bb2 {[%clk 01:30:15]} {[%emt 00:00:05]} O-O {[%clk 01:30:11]} {[%emt
00:00:37]} 12. Bg2 {[%clk 01:30:34]} {[%emt 00:00:13]} Rae8 {[%clk 01:30:10]}
{[%emt 00:00:30]} 13. O-O {[%clk 01:30:55]} {[%emt 00:00:10]} Bxe5 {[%clk
01:30:04]} {[%emt 00:00:36]} 14. Qxe5 {[%clk 01:31:19]} {[%emt 00:00:06]} Qxe5
{[%clk 01:30:27]} {[%emt 00:00:08]} 15. Bxe5 {[%clk 01:31:46]} {[%emt
00:00:03]} Rxe5 {[%clk 01:30:47]} {[%emt 00:00:09]} 16. cxd5 {[%clk 01:32:12]}
{[%emt 00:00:04]} Bxf1 {[%clk 01:31:03]} {[%emt 00:00:13]} 17. Kxf1 {[%clk
01:32:35]} {[%emt 00:00:07]} cxd5 {[%clk 01:31:26]} {[%emt 00:00:07]} 18. Nc3
{[%clk 01:33:00]} {[%emt 00:00:05]} c6 {[%clk 01:31:48]} {[%emt 00:00:08]} 19.
Rd1 {[%clk 01:33:26]} {[%emt 00:00:04]} Rfe8 {[%clk 01:30:45]} {[%emt
00:01:33]} 20. Bf3 {[%clk 01:33:42]} {[%emt 00:00:15]} Kf8 {[%clk 01:30:55]}
{[%emt 00:00:20]} 21. Ne2 {[%clk 01:34:01]} {[%emt 00:00:12]} Ke7 {[%clk
01:31:00]} {[%emt 00:00:25]} 22. Rd4 {[%clk 01:34:26]} {[%emt 00:00:05]} Kd6
{[%clk 01:31:14]} {[%emt 00:00:16]} 23. Ra4 {[%clk 01:34:43]} {[%emt 00:00:13]}
Ra8 {[%clk 01:31:37]} {[%emt 00:00:06]} 24. Ra5 {[%clk 01:35:06]} {[%emt
00:00:07]} Kc7 {[%clk 01:21:42]} {[%emt 00:10:25]} 25. b4 {[%clk 01:32:57]}
{[%emt 00:02:40]} f6 {[%clk 01:05:42]} {[%emt 00:16:30]} 26. Nc1 {[%clk
01:11:25]} {[%emt 00:22:02]} d4 {[%clk 00:31:57]} {[%emt 00:34:15]} 27. Ra4
{[%clk 01:05:59]} {[%emt 00:05:57]} a5 {[%clk 00:23:22]} {[%emt 00:09:06]} 28.
Nb3 {[%clk 01:00:36]} {[%emt 00:05:52]} d3 {[%clk 00:19:22]} {[%emt 00:04:30]}
29. bxa5 {[%clk 00:58:51]} {[%emt 00:02:16]} d2 {[%clk 00:14:54]} {[%emt
00:04:58]} 30. Rd4 {[%clk 00:58:15]} {[%emt 00:01:06]} Re1+ {[%clk 00:14:31]}
{[%emt 00:00:53]} 31. Kg2 {[%clk 00:58:40]} {[%emt 00:00:05]} d1=Q {[%clk
00:14:52]} {[%emt 00:00:09]} 32. Bxd1 {[%clk 00:57:34]} {[%emt 00:01:36]} d5
{[%clk 00:12:10]} {[%emt 00:03:13]} 33. Bf3 {[%clk 00:53:12]} {[%emt 00:04:52]}
Kd6 {[%clk 00:12:02]} {[%emt 00:00:38]} 34. Rb4 {[%clk 00:46:56]} {[%emt
00:06:47]} Rb1 {[%clk 00:07:55]} {[%emt 00:04:36]} 35. Rb7 {[%clk 00:23:11]}
{[%emt 00:24:16]} Rb2 {[%clk 00:08:12]} {[%emt 00:00:13]} 36. Bg4 {[%clk
00:23:19]} {[%emt 00:00:22]} f5 {[%clk 00:07:13]} {[%emt 00:01:29]} 37. Bd1
{[%clk 00:23:19]} {[%emt 00:00:30]} Rxa2 {[%clk 00:04:06]} {[%emt 00:03:38]} 38.
Rxh7 {[%clk 00:23:40]} {[%emt 00:00:08]} c5 {[%clk 00:03:27]} {[%emt 00:01:09]}
39. Rg7 {[%clk 00:09:49]} {[%emt 00:14:20]} c4 {[%clk 00:03:49]} {[%emt
00:00:09]} 40. Rxg6+ {[%clk 00:02:13]} {[%emt 00:08:06]} Ke5 {[%clk 00:00:39]}
{[%emt 00:03:40]} 41. Nc1 {[%clk 00:23:03]} {[%emt 00:09:40]} Ra1 {[%clk
00:20:33]} {[%emt 00:10:37]} 42. Ne2 {[%clk 00:23:11]} {[%emt 00:00:22]} d4
{[%clk 00:19:03]} {[%emt 00:02:01]} 43. Nf4 {[%clk 00:17:22]} {[%emt 00:06:19]}
d3 {[%clk 00:17:35]} {[%emt 00:01:57]} 44. Bf3 {[%clk 00:16:57]} {[%emt
00:00:55]} R8xa5 {[%clk 00:17:08]} {[%emt 00:00:57]} 45. h4 {[%clk 00:14:23]}
{[%emt 00:03:03]} Ra6 {[%clk 00:13:12]} {[%emt 00:04:27]} 46. Rg8 {[%clk
00:14:25]} {[%emt 00:00:28]} Rd6 {[%clk 00:12:52]} {[%emt 00:00:50]} 47. h5
{[%clk 00:13:09]} {[%emt 00:01:46]} c3 {[%clk 00:11:48]} {[%emt 00:01:34]} 48.
h6 {[%clk 00:06:26]} {[%emt 00:07:13]} Ra7 {[%clk 00:06:27]} {[%emt 00:05:51]}
49. Rg7 {[%clk 00:04:05]} {[%emt 00:02:51]} Rxg7 {[%clk 00:06:10]} {[%emt
00:00:47]} 50. hxg7 {[%clk 00:04:30]} {[%emt 00:00:05]} Rd8 {[%clk 00:06:35]}
{[%emt 00:00:04]} 51. Nxd3+ {[%clk 00:03:21]} {[%emt 00:01:39]} Kf6 {[%clk
00:06:57]} {[%emt 00:00:07]} 52. Bd1 {[%clk 00:02:24]} {[%emt 00:01:28]} Kxg7
{[%clk 00:07:06]} {[%emt 00:00:21]} 53. Bc2 {[%clk 00:02:49]} {[%emt 00:00:05]}
Ra8 {[%clk 00:05:58]} {[%emt 00:01:38]} 54. Kf3 {[%clk 00:02:54]} {[%emt
00:00:24]} Ra2 {[%clk 00:05:10]} {[%emt 00:01:18]} 55. Ne1 {[%clk 00:03:12]}
{[%emt 00:00:12]} Ra1 {[%clk 00:04:58]} {[%emt 00:00:42]} 56. Ng2 {[%clk
00:02:40]} {[%emt 00:01:02]} Kf6 {[%clk 00:03:47]} {[%emt 00:01:41]} 57. Ne3
{[%clk 00:02:58]} {[%emt 00:00:12]} Ra5 {[%clk 00:04:03]} {[%emt 00:00:14]} 58.
Nxf5 {[%clk 00:02:42]} {[%emt 00:00:46]} Ke5 {[%clk 00:01:13]} {[%emt
00:03:20]} 59. Ke3 {[%clk 00:02:37]} {[%emt 00:00:34]} Ra2 {[%clk 00:01:11]}
{[%emt 00:00:32]} 60. Nd4 {[%clk 00:02:53]} {[%emt 00:00:14]} Ra1 {[%clk
00:01:24]} {[%emt 00:00:17]} 61. Ne2 {[%clk 00:02:52]} {[%emt 00:00:30]} Re1
{[%clk 00:00:57]} {[%emt 00:00:57]} 62. f4+ {[%clk 00:01:03]} {[%emt 00:02:20]}
Kf6 {[%clk 00:00:48]} {[%emt 00:00:40]} 63. g4 {[%clk 00:01:14]} {[%emt
00:00:18]} Rh1 {[%clk 00:00:59]} {[%emt 00:00:18]} 64. g5+ {[%clk 00:01:09]}
{[%emt 00:00:36]} Kg7 {[%clk 00:01:20]} {[%emt 00:00:09]} 65. Nxc3 {[%clk
00:01:19]} {[%emt 00:00:20]} Rc1 {[%clk 00:01:26]} {[%emt 00:00:24]} 66. Kd3
{[%clk 00:01:13]} {[%emt 00:00:36]} Rf1 {[%clk 00:01:45]} {[%emt 00:00:11]} 67.
Nd5 {[%clk 00:01:30]} {[%emt 00:00:13]} Rf2 {[%clk 00:01:44]} {[%emt 00:00:31]}
68. Kc3 {[%clk 00:01:26]} {[%emt 00:00:34]} Rg2 {[%clk 00:01:56]} {[%emt
00:00:17]} 69. Be4 {[%clk 00:01:41]} {[%emt 00:00:15]} Re2 {[%clk 00:02:09]}
{[%emt 00:00:17]} 70. Kd4 {[%clk 00:02:05]} {[%emt 00:00:06]} Re1 {[%clk
00:02:30]} {[%emt 00:00:09]} 71. Ke5 {[%clk 00:02:22]} {[%emt 00:00:14]} Kf7
{[%clk 00:02:51]} {[%emt 00:00:08]} 72. f5 {[%clk 00:02:31]} {[%emt 00:00:22]}
Kg7 {[%clk 00:03:09]} {[%emt 00:00:12]} 73. f6+ {[%clk 00:02:53]} {[%emt
00:00:08]} Kf7 {[%clk 00:03:34]} {[%emt 00:00:06]} 74. g6+ {[%clk 00:03:18]}
{[%emt 00:00:04]} Kf8 {[%clk 00:03:59]} {[%emt 00:00:05]} 75. Nc7 {[%clk
00:02:46]} {[%emt 00:01:02]} Rf1 {[%clk 00:04:12]} {[%emt 00:00:16]} 76. Ne6+
{[%clk 00:03:12]} {[%emt 00:00:04]} Kg8 {[%clk 00:04:37]} {[%emt 00:00:06]} 77.
Bf5 {[%clk 00:03:37]} {[%emt 00:00:05]} Kh8 {[%clk 00:04:49]} {[%emt 00:00:17]}
78. Ng5 {[%clk 00:03:04]} {[%emt 00:01:03]} 1-0